| 000 | 00503nam a2200169Ia 4500 | ||
|---|---|---|---|
| 003 | GCL | ||
| 008 | 140319s9999 xx 000 0 ara d | ||
| 020 | _a9772383470 | ||
| 040 |
_aGCL / _cGCL |
||
| 082 | 0 | 4 |
_a658.03 _bA D |
| 100 | 1 | _aA . ZAKI BADWI | |
| 245 | 1 | 0 |
_aDICTIONARY OF MANAGEMENT SCIENCES : _bENGLISH - FRENCH - ARABIC / _cA . ZAKI BADWI |
| 260 |
_aالقاهرة : _bDAR AL - KITAB AL - MASRI ، _c1994 |
||
| 300 |
_a25 CM ؛ _c560 P |
||
| 650 | 0 | 4 | _aMANAGEMENT - DICTIONARY |
| 942 |
_2ddc _cBK |
||
| 999 |
_c8981 _d8981 |
||